| 000 | 00374nam a2200109Ia 4500 | ||
|---|---|---|---|
| 008 | 171211s9999 xx 000 0 und d | ||
| 245 | _aRail-Trails New England: Connecticut, Maine, Massachusetts, New Hampshire, Rhode Island and Vermont | ||
| 245 | _cRails-to-Trails-Conservancy | ||
| 260 | _c2007 | ||
| 650 | _xTRAVEL | ||
| 856 | _uhttp://down.ebook777.com/064/089997449X.pdf | ||
| 999 |
_c349133 _d349133 |
||